| 000 | 00445cam a2200181ua 4500 | ||
|---|---|---|---|
| 020 | _c12.50 | ||
| 041 |
_ahin _h |
||
| 082 |
_a891.54 _bVIJ/VI |
||
| 100 | _aVijayendra, Snatak . | ||
| 245 |
_aVishvakavya ki rooprekha / _cVijayendra Snatak. _hTextual Documents |
||
| 250 |
_a1 / _b. |
||
| 260 |
_aJaipur : _bAppolo Publications , _c1965. |
||
| 300 | _a216 ; . | ||
| 365 | _a12.50 | ||
| 504 | _a | ||
| 942 | _cBK | ||
| 999 |
_c8173 _d8173 |
||